000 01143nam a22002775i 4500
001 176007
003 ES-MaACL
005 20250902233322.0
008 101209s1969 sp |||| | spa d
080 _a627.33
080 _a627.21
100 1 _aSuárez Bores, Pedro.
_9144219
245 1 0 _aDinámica del flotador en áreas restringidas /
_cP. Suárez Bores.
260 _aMadrid :
_bCentro de estudios y experimentación de Obras Públicas, Laboratorio de Puertos,
_c1969.
300 _a37 p. ;
_c27 cm.
490 1 _aCentro de Estudios y Experimentación de Obras Públicas. Laboratorio de Puertos ;
_v10-B
504 _aBibliografía: p. 35-37.
650 0 7 _aIngeniería hidráulica
_2embne
_9136287
650 4 _aBarcos.
_9135671
650 4 _aPuertos-
_xInvestigación.
_9144226
710 0 _aCentro de Estudios y Experimentación de Obras Públicas.
_bLaboratorio de Puertos (España)
_92687
830 0 0 _aCentro de Estudios y Experimentación de Obras Públicas.
_pLaboratorio de Puertos
_v10-B
_9189888
852 _aES-MaACL
_j2277-F-10
_xOlim P-1412
852 _aES-MaACL
_jP-1360-4
999 _c176007
_d176007